000 00504nam a2200181Ia 4500
003 GCL
008 140319s9999 xx 000 0 ara d
040 _aGCL /
_cGCL
082 0 4 _a641.8
_bس ف
100 1 _aسوفنير
245 1 0 _aالهمبرغر وانواعه /
_cسوفنير
260 _a[S.N] :
_bسوفنير بوك هاوس
300 _a174 ص
490 _aموسوعة عالم الطبخ
_v0
650 0 4 _aالاقتصاد المنزلى
650 0 4 _aالطبخ
942 _2ddc
_cBK
999 _c43463
_d43463